The social context of economic behavior.

Bibliographic Details
Main Author: Tucker, William Thomas, 1919-
Format: Book
Language:English
Published: New York : Holt, Rinehart and Winston, [1964]
Series:Modern management series.
Subjects:

MARC

Tag First Indicator Second Indicator Subfields
LEADER 00000cam a2200000 4500
001 in00000064464
005 20151007083238.0
008 750516s1964 nyu b 00000 eng u
010 |a  64012733  
035 |a (OCoLC)01336538 
035 |9 AAF9082AM 
040 |c IAU  |d TXA  |d UtOrBLW 
049 |a TXAM  |c [402245] 
050 0 0 |a HM35  |b .T8 
082 0 |a 330/.127/33 
090 |a HM35  |b .T83 1964 
092 |a 330.19301  |b T895s 
100 1 |a Tucker, William Thomas,  |d 1919- 
245 1 4 |a The social context of economic behavior. 
264 1 |a New York :  |b Holt, Rinehart and Winston,  |c [1964] 
300 |a ix, 163 pages :  |b diagrams ;  |c 22 cm. 
336 |a text  |b txt  |2 rdacontent 
337 |a unmediated  |b n  |2 rdamedia 
338 |a volume  |b nc  |2 rdacarrier 
490 1 |a Modern management series 
504 |a Bibliography: pages 157-159. 
650 0 |a Sociology. 
650 0 |a Economics. 
830 0 |a Modern management series. 
999 |a MARS 
999 f f |s bec105c7-f94c-320e-8b86-85efeaf72c91  |i 6b59e9ad-5f9e-3a85-a099-33b7f51b1d91  |t 0 
952 f f |p ric  |a Texas A&M University  |b Rellis Campus  |c Joint Library Facility  |d Remote Storage  |t 0  |e HM35 .T83 1964  |h Library of Congress classification  |i unmediated -- volume  |m A14800695381 
998 f f |a HM35 .T83 1964  |t 0  |l Remote Storage